000 00287nam a2200109Ia 4500
008 221030s9999 xx 000 0 und d
245 0 _aMarket Analysis of TATA DOCOMO in Chandigarh
260 _bTata Tele Services
_aChandigarh
_c2011
300 _a66
650 _aManagement
942 _cTH
999 _c14878
_d14878